000 01362nam a2200253Ia 4500
999 _c49351
_d49351
001 16268
003 GE_BSU
005 20210601164605.0
008 181216s2013||||ge |||||||||||||| ||geo||
040 _cGE_BSU
041 _ageo
080 _a342.743 გ-12
100 _aგაბისონია, ირაკლი
_97024
245 _aსაგადასახადო სამართალი :
_bგადასახადის გადამხდელის უფლებების დაცვის მექანიზმები /
_cირაკლი გაბისონია ; რედ. : ზაზა რუხაძე, მარიამ ჯიქია.
264 _aთბილისი :
_bიურისტების სამყარო,
_c2013.
300 _a132 გვ. ;
_c20 სმ.
504 _aბიბლიოგრაფია ტექსტების შენიშვნები და გვ. 126-131
653 _aსაგადასახადო სამართალი
653 _aგადამხდელის უფლებები
653 _aსამართალი
700 _aრუხაძე, ზაზა
_eრედაქტორი
_9189
700 _aჯიქია, მარიამ
_eრედაქტორი
_911926
942 _cBK
_2udc